Statistiques concernant Harry Potter - groupes de 7

Cliquez ici pour prendre le quiz!

Statistiques générales

  • Ce quiz a été pris 4 409 fois
  • Le résultat moyen est 43 sur 49

Statistiques - réponses

GroupeRéponse% Correct
HorcruxesHarry Potter
99%
Les "7 Potter"Harry Potter
99%
Joueurs dans l'équipe de Quidditch de GryffondorHarry Potter
99%
Enfants WeasleyRon
99%
Les "7 Potter"Ron Weasley
99%
Enfants WeasleyFred
98%
Joueurs dans l'équipe de Quidditch de GryffondorFred Weasley
98%
Les "7 Potter"Fred Weasley
98%
Enfants WeasleyGeorge
98%
Joueurs dans l'équipe de Quidditch de GryffondorGeorge Weasley
98%
Les "7 Potter"George Weasley
98%
Enfants WeasleyGinny
98%
Titre des tomesHarry Potter à l'école des sorciers
96%
Titre des tomesHarry Potter et la chambre des secrets
96%
Titre des tomesHarry Potter et la coupe de feu
96%
HorcruxesNagini
96%
Enfants WeasleyPercy
96%
Professeurs de Défense contre les Forces du Mal (ou Magie Noire)Severus Rogue
96%
Enfants WeasleyBill
95%
Enfants WeasleyCharlie
95%
Titre des tomesHarry Potter et les reliques de la mort
95%
Titre des tomesHarry Potter et le Prince de sang-mêlé
94%
Titre des tomesHarry Potter et le prisonnier d'Azkaban
94%
Titre des tomesHarry Potter et l'Ordre du phénix
94%
HorcruxesCoupe de Poufsouffle
93%
Professeurs de Défense contre les Forces du Mal (ou Magie Noire)Dolores Ombrage
93%
Professeurs de Défense contre les Forces du Mal (ou Magie Noire)Remus Lupin
93%
HorcruxesDiadème de Serdaigle
92%
HorcruxesJournal intime
92%
HorcruxesBague des Gaunt
91%
Professeurs de Défense contre les Forces du Mal (ou Magie Noire)Quirinus Quirrell
91%
Professeurs de Défense contre les Forces du Mal (ou Magie Noire)Gilderoy Lockhart
90%
HorcruxesMédaillon de Serpentard
90%
Professeurs de Défense contre les Forces du Mal (ou Magie Noire)Alastor Maugrey "Fol-Œil"
89%
Les "7 Potter"Hermione Granger
88%
Matières enseignées à PoudlardPotions
88%
Matières enseignées à PoudlardDéfense contre les forces du mal
86%
Joueurs dans l'équipe de Quidditch de GryffondorOlivier Dubois
85%
Matières enseignées à PoudlardMétamorphose
83%
Matières enseignées à PoudlardSortilèges
82%
Matières enseignées à PoudlardBotanique
76%
Joueurs dans l'équipe de Quidditch de GryffondorAngelina Johnson
69%
Les "7 Potter"Fleur Delacour
67%
Matières enseignées à PoudlardHistoire de la magie
64%
Professeurs de Défense contre les Forces du Mal (ou Magie Noire)Amycus Carrow
62%
Matières enseignées à PoudlardAstronomie
61%
Joueurs dans l'équipe de Quidditch de GryffondorKatie Bell
59%
Les "7 Potter"Mondingus Fletcher
56%
Joueurs dans l'équipe de Quidditch de GryffondorAlicia Spinnet
44%

Distribution des résultats

Percentile par nombre de réponses

% des personnes avec chaque résultat

Votre développement - résultats

Vous n’avez pas pris ce quiz